Hoofdsteden in willekeurige gebieden op de wereldkaart - Statistieken

Algemene statistieken
  • Deze quiz is 2.478 keer genomen
  • De gemiddelde score is 9 van 15
Antwoorden op de kaart
Antwoorden kleurgecodeerd door een groen-rode schaal op de quizkaart volgens % correct hieronder.
 
Antwoordstatistieken
Vak % Correct
Dublin | Londen | Amsterdam | Oslo
99%
Lissabon | Madrid | Andorra la Vella | Parijs | Luxemburg | Brussel | Bern | Vaduz | Monaco
99%
Mexico-Stad | Guatemala-Stad | San Salvador
98%
Rome | Vaticaanstad | San Marino | Athene | Belgrado | Bratislava | Wenen | Ljubljana | Chisinau | Kiev | Boekarest | Skopje | Podgorica | Pristina | Boedapest | Praag | Zagreb | Sofia | Sarajevo | Tirana
97%
Stockholm | Helsinki | Tallinn | Riga | Vilnius | Minsk | Warschau | Berlijn | Kopenhagen
95%
Moskou
90%
Washington D.C. | Ottawa
88%
Peking | Pyongyang | Seoel
85%
San José | Panama-Stad | Bogota | Quito
85%
Tokio
84%
Buenos Aires | Montevideo
83%
Islamabad | New Delhi | Kathmandu | Thimphu
83%
Kaapstad | Maseru
83%
Reykjavik
83%
Rabat | Tunis | Algiers
81%
Kiev | Ankara | Tbilisi | Jerevan | Bakoe
80%
Nicosia | Caïro | Beiroet | Jeruzalem | Amman | Damascus | Bagdad | Koeweit | Riyad | Manamah
80%
Lima
79%
San Salvador | Belmopan | Tegucigalpa | Managua | Kingston | Havana | Port-au-Prince | Santo Domingo
78%
Brasilia
76%
Canberra
76%
Caracas | Georgetown | Paramaribo | Port of Spain
76%
Hanoi | Vientiane | Bangkok | Naypyidaw | Phnom Penh
76%
Addis Abeba | Nairobi | Djoeba | Mogadishu | Kampala
75%
Jakarta
75%
Wellington
74%
Reykjavik
72%
Valletta | Tripoli
72%
Santiago
71%
Singapore | Kuala Lumpur
71%
Windhoek | Pretoria | Bloemfontein | Maseru | Mbabane | Gaborone | Harare
70%
Manilla
69%
Teheran | Doha | Abu Dhabi | Kabul
68%
Taipei | Seoel
66%
Kinshasa | Brazzaville | Luanda | Gitega | Lusaka
65%
Praia | Banjul | Nouakchott | Bissau | Dakar
65%
Ulaanbaatar
65%
Sanaa | Djibouti | Asmara | Khartoem
62%
Abu Dhabi | Masqat
60%
Harare | Mbabane | Maputo | Antananarivo
60%
La Paz | Sucre | Asuncion
59%
Sri Jayewardenapura Kotte | Malé
58%
Yamoussoukro | Accra | Porto-Novo | Cotonou | Lomé | Libreville | Sao Tome en Principe | Malabo | Abuja
58%
Caracas | Kingstown | Castries | Basseterre | Saint George's | Roseau | Bridgetown | Saint John's
54%
Nassau
52%
Dhaka
50%
Conakry | Monrovia | Freetown
49%
Astana | Bisjkek
46%
Niamey | Bamako | Ouagadougou
45%
Doesjanbe | Asjchabad | Tasjkent
41%
Dili
40%
Dodoma | Lilongwe | Moroni
39%
Port Moresby
39%
Victoria
39%
Kigali | Bangui | Yaoundé
38%
Port Louis
35%
Ndjamena
34%
Bandar Seri Begawan
32%
Nuku'alofa | Suva
31%
Funafuti | Apia
26%
Yaren | Palikir
26%
Zuid-Tarawa | Majuro
26%
Port Vila
24%
Honiara
22%
Ngerulmud
21%
Geen overeenkomende quizzen gevonden
Scoreverdeling
Procent van Mensen met Elke Score
Percentiel versus Aantal Correcte Antwoorden
Uw Scoregeschiedenis
U heeft deze quiz nog niet genomen